000 00378nam a2200157 i 4500
001 bg
100 1 _aWALDEN, Henryk.
245 0 _aMechanika cieczy i gazów.
_nCz. 1 /
_cH. Walden, J. Stasiak.
250 _aWyd.4.
260 _aWarszawa,
_c1969.
700 1 _aSTASIAK, Jerzy.
040 _cBPK
041 _apol
942 _cKS
008 s pl f |000 0 pol
999 _c10568
_d10568
856 _uhttp://koha.tu.koszalin.pl/cgi-bin/koha/opac-detail.pl?biblionumber=10568
_yKatalog online BPK